Loading...

Great Britain : -identities, institutions and idea of Britishness

Bibliographic Details
Main Author: Keith Robbins
Format: Printed Book
Published: London Longman 1997
Subjects:
LEADER 00644nam a22001931a 4500
020 |a 9780582031197  |c 0.00 
040 |a SSUS - Library - Kalady 
082 |a 941  |b KEI/P 
100 |a Keith Robbins  
245 |a Great Britain : -identities, institutions and idea of Britishness  |h [Text] 
260 |a London  |b Longman  |c 1997 
300 |a 377p. 
500 |a Keith Robbins 
600 |a History 
600 |a History Great Britain 
852 |h 941  |i KEI/P  |p 034827  |9 1484.42  |t 0 
942 |c BK 
999 |c 16506  |d 16506 
952 |0 0  |1 0  |4 0  |6 941_000000000000000_KEI_P  |7 0  |9 23299  |a SSUS  |b SSUS  |d 2015-01-08  |g 1484.42  |o 941 KEI/P  |p 034827  |r 2015-01-08  |v 0.00  |w 2015-01-08  |y BK